Secret Societies Quiz - Statistics

General Stats
  • This quiz has been taken 22 times
  • The average score is 3 of 10
Answer Stats
Symbol Founded Places Secret Society % Correct
1717 Worldwide Freemasonry
89%
1865 United States Ku Klux Klan
50%
1832 Yale University Skull and Bones
50%
Daggers, eagles, white and red garments, Quranic imagery. 11th century Persia and the Levant Order of Assassins
33%
1911 Balkans Black Hand
22%
1890s China Society of Righteous and Harmonious Fists
22%
1918 Germany Thule Society
17%
17th century Europe Rosicrucians
11%
1800 Europe and South America Carbonari
6%
1895 Europe Ordo Templi Orientis
6%
No matching quizzes found
Score Distribution
Percent of People with Each Score
Percentile by Number Answered
Your Score History
You have not taken this quiz